00624nam a2200205Ia 4500003000900000008004100009040001300050040001300063041000800076100001600084245004300100260001800143260000900161300001100170300001000181490000600191942000700197999001700204952019700221IT-RoPAU120407s9999 xx 000 0 und d aIT-RoPAU cIT-RoPAU aita aBhagwati Ja aL’economia dei paesi sottosviluppati aIl Saggiatore c1966 a255 p. c19 cm v1 cBK c30580d30580 00102ddc406320_40000000000000071aPAULUSbPAULUSd2012-04-11l0o320.40r2012-04-11 00:00:00w2012-04-11yBKzInserito da: Carla In data: 24 ottobre 2011 fondo: Via A.Severo 56 Progr:16974